000 00703nam a22001937a 4500
999 _c16815
_d16815
003 AR-CdUCM
008 190506b ||||| |||| 00| 0 spa d
040 _aMUNICIPALIDAD PROVINCIAL DEL CUSCO
_cBIBLIOTECA MUNICIPAL DEL CUSCO
082 _211ed.
_a511.3 /
_bF99
100 _aF.T.D
_926416
245 _aAritmética (tercer grado) /
260 _aBarcelona :
_bEdit.F.T.D,
_c1931.
300 _a448 paginas ;
_c20 cm.
505 _aContenido :Rudimentos de álgebra --Potenciación y radicacion --Propiedades de los números --Números Fraccionarios --Sistema de pesas y medidas ...
650 _aAritmética
_919777
650 _aAlgebra
_920185
942 _2ddc
_cLIBROS
945 _arjall
_d2019-05-06